Ville ayant accueilli une finale de LDC féminine - Statistiques

Statistiques générales
  • Ce quiz a été pris 11 fois
  • Le résultat moyen est 9 sur 14
Statistiques - réponses
Pays Ville % Correct
Ukraine Kyiv
100%
Hongrie Budapest
91%
Portugal Lisbonne
91%
Angleterre Londres
91%
Allemagne Munich
91%
Allemagne Berlin
82%
Italie Turin
82%
Espagne Bilbao
73%
Pays de Galles Cardiff
64%
Pays Bas Eindhoven
36%
Suede Göteborg
27%
Espagne Getafe
18%
Espagne Saint Sebastien
9%
Italie Reggio d'Emilie
0%
Aucun quiz correspondant
Distribution des résultats
% des personnes avec chaque résultat
Percentile par nombre de réponses
Votre historique - résultats
Vous n’avez pas pris ce quiz